000
00357nam a2200169Ia 4500
100
_a
Hanselman/Duane/ Littlefield/Bruce
650
_a
Matlab
942
_c
BK
366
_f
25
654
_a
matlab 7
245
_a
Mastering Matlab 7
260
_b
Pearson Education
_c
2005
082
_a
5.131
_b
HAN
300
_a
864
546
_a
ENGLISH
999
_c
18522
_d
18522